|
|
|
|
| LEADER |
00000naa2a2200000 4500 |
| 001 |
382979 |
| 005 |
20231101063041.0 |
| 035 |
|
|
|a (RuTPU)RU\TPU\prd\7804
|
| 090 |
|
|
|a 382979
|
| 100 |
|
|
|a 20021028a2002 k y0rusy50 ca
|
| 101 |
0 |
|
|a rus
|
| 102 |
|
|
|a RU
|
| 200 |
1 |
|
|a Использование микроколебаний для диагностики строительных конструкций
|f С. Н. Савин
|
| 225 |
1 |
|
|a Обмен опытом
|
| 461 |
|
1 |
|0 (RuTPU)RU\TPU\prd\1155
|x 1609-3178
|t В мире неразрушающего контроля
|o Ежеквартальное журнальное обозрение
|d 2001-
|
| 463 |
|
1 |
|0 (RuTPU)RU\TPU\prd\5890
|t № 2
|v С. 18-20
|d 2002
|
| 610 |
1 |
|
|a микроколебания
|
| 610 |
1 |
|
|a диагностика
|
| 610 |
1 |
|
|a строительные конструкции
|
| 610 |
1 |
|
|a дефекты
|
| 700 |
|
1 |
|a Савин
|b С. Н.
|g Сергей Николаевич
|
| 801 |
|
1 |
|a RU
|b 63413507
|c 20021028
|g PSBO
|
| 801 |
|
2 |
|a RU
|b 63413507
|c 20050209
|g PSBO
|
| 942 |
|
|
|c BK
|